|
|
|
|
| LEADER |
00000nam0a2200000 4500 |
| 001 |
33330 |
| 005 |
20231101210146.0 |
| 035 |
|
|
|a (RuTPU)RU\TPU\book\33663
|
| 035 |
|
|
|a BOOK00000314
|
| 090 |
|
|
|a 33330
|
| 100 |
|
|
|a 20011210d1985 m y0rusy50 ca
|
| 101 |
0 |
|
|a rus
|
| 102 |
|
|
|a UA
|
| 105 |
|
|
|a y j 000zy
|
| 200 |
1 |
|
|a Инженерная графика
|e учебное пособие
|f В. Е. Михайленко, А. М. Пономарев
|
| 205 |
|
|
|a 2-е изд., перераб. и доп.
|
| 210 |
|
|
|a Киев
|c Высшая школа
|d 1985
|
| 215 |
|
|
|a 295 с.
|
| 451 |
|
1 |
|0 (RuTPU)RU\TPU\book\33662
|t Инженерная графика
|o учебное пособие
|f В. Е. Михайленко, А. М. Пономарев
|e 3-е изд., перераб. и доп.
|c Киев
|n Высшая школа
|d 1980
|p 279 с.
|a Михайленко, Всеволод Евдокимович
|
| 451 |
|
1 |
|0 (RuTPU)RU\TPU\book\41345
|t Инженерная графика
|o учебник
|f В. Е. Михайленко, А. М. Пономарев
|c Киев
|n Выща школа
|d 1990
|p 302 с.
|a Михайленко, Всеволод Евдокимович
|
| 606 |
|
|
|a Инженерная графика
|2 stltpush
|3 (RuTPU)RU\TPU\subj\39243
|9 59411
|
| 610 |
1 |
|
|a начертательная геометрия
|
| 610 |
1 |
|
|a техническое черчение
|
| 610 |
1 |
|
|a задачи
|
| 610 |
1 |
|
|a решение
|
| 610 |
1 |
|
|a алгоритмы
|
| 610 |
1 |
|
|a учебные пособия
|
| 675 |
|
|
|a 76:621(075.8)
|v 3
|
| 700 |
|
1 |
|a Михайленко
|b В. Е.
|c специалист в области начертательной геометрии
|c доктор технических наук, профессор
|f 1927-
|g Всеволод Евдокимович
|2 stltpush
|3 (RuTPU)RU\TPU\pers\8082
|9 1572
|
| 701 |
|
1 |
|a Пономарев
|b А. М.
|g Анатолий Михайлович
|
| 801 |
|
0 |
|a RU
|b 63413507
|c 20011210
|g PSBO
|
| 801 |
|
2 |
|a RU
|b 63413507
|c 20200630
|g PSBO
|
| 900 |
|
|
|a Начертательная геометрия, инженерная графика
|
| 900 |
|
|
|a Инженерная графика
|
| 942 |
|
|
|c BK
|